In Defence of the Realm / (Record no. 79348)

MARC details
000 -LEADER
fixed length control field 00771nam a22002057a 4500
005 - DATE AND TIME OF LATEST TRANSACTION
control field 20140307144647.0
010 ## - LCCN (DPL NO)
LC control number B-520755-760
020 ## - INTERNATIONAL STANDARD BOOK NUMBER
International Standard Book Number 9789380028057
Terms of availability 195.00
035 ## - SYSTEM CONTROL NUMBER
System control number B-520755-760
037 ## - SOURCE OF ACQUISITION
Source of stock number/acquisition BBB/Ven
Stock number dpl
082 ## - DEWEY DECIMAL CLASSIFICATION NUMBER
Classification number S
100 ## - MAIN ENTRY--PERSONAL NAME
Personal name Deshpande, Sanjay
245 ## - TITLE STATEMENT
Title In Defence of the Realm /
Statement of responsibility, etc by Sanjay Deshpande illustrated by Lalit Kumar Sharma
260 ## - PUBLICATION, DISTRIBUTION, ETC. (IMPRINT)
Place of publication, distribution, etc New Delhi
Name of publisher, distributor, etc Campfire Publisher
-- an imprint of Kalyani Navyug Media Pvt. Ltd.
Date of publication, distribution, etc 2010
270 ## - ADDRESS
Address 101C, Shiv House, Hari Nagar Ashram
City New Delhi
Postal code 110014
300 ## - PHYSICAL DESCRIPTION
Extent various pages.
Other physical details col.ill.
Dimensions 22cm.(pbk)
700 ## - ADDED ENTRY--PERSONAL NAME
Personal name illustrated by Sharma, Lalit Kumar
942 ## - ADDED ENTRY ELEMENTS (KOHA)
Source of classification or shelving scheme Dewey Decimal Classification
Item type Children Books
Classification part S
Call number suffix DES
Holdings
Withdrawn status Lost status Not for loan Collection code Home library Current library Date acquired Source of acquisition Cost, normal purchase price Full call number Barcode Copy number Cost, replacement price Koha item type
      Fiction Qila Rai Pithora Qila Rai Pithora 07/03/2014 BBB/IN1417/21.03/2013/202/20.03.2013/28.03.2013 195.00 S DES B-520759 1 195.00 Children Books
      Fiction R.K.Puram-8 R.K.Puram-8 07/03/2014 BBB/IN1417/21.03/2013/202/20.03.2013/28.03.2013 195.00 S DES B-520756 1 195.00 Children Books
      Fiction Sarojini Nagar Sarojini Nagar 07/03/2014 BBB/IN1417/21.03/2013/202/20.03.2013/28.03.2013 195.00 S DES B-520755 1 195.00 Children Books
      Fiction Sarojini Nagar Sarojini Nagar 07/03/2014 BBB/IN1417/21.03/2013/202/20.03.2013/28.03.2013 195.00 S DES B-520757 1 195.00 Children Books
      Fiction Sriniwas Puri Sriniwas Puri 07/03/2014 BBB/IN1417/21.03/2013/202/20.03.2013/28.03.2013 195.00 S DES B-520758 1 195.00 Children Books
      Fiction Vinoba Puri Vinoba Puri 07/03/2014 BBB/IN1417/21.03/2013/202/20.03.2013/28.03.2013 195.00 S DES B-520760 1 195.00 Children Books

© Delhi Public Library
Hit Counter
free hit counter